|
|
|
|
| LEADER |
02711nam a2200469 4500 |
| 001 |
978-3-540-69198-3 |
| 003 |
DE-He213 |
| 005 |
20191028182454.0 |
| 007 |
cr nn 008mamaa |
| 008 |
121227s1997 gw | s |||| 0|eng d |
| 020 |
|
|
|a 9783540691983
|9 978-3-540-69198-3
|
| 024 |
7 |
|
|a 10.1007/BFb0119263
|2 doi
|
| 040 |
|
|
|d GrThAP
|
| 050 |
|
4 |
|a QD415-436
|
| 072 |
|
7 |
|a PNN
|2 bicssc
|
| 072 |
|
7 |
|a SCI013040
|2 bisacsh
|
| 072 |
|
7 |
|a PNN
|2 thema
|
| 082 |
0 |
4 |
|a 547
|2 23
|
| 245 |
1 |
0 |
|a Organofluorine Chemistry
|h [electronic resource] :
|b Fluorinated Alkenes and Reactive Intermediates /
|c edited by Richard D. Chambers.
|
| 250 |
|
|
|a 1st ed. 1997.
|
| 264 |
|
1 |
|a Berlin, Heidelberg :
|b Springer Berlin Heidelberg :
|b Imprint: Springer,
|c 1997.
|
| 300 |
|
|
|a X, 246 p.
|b online resource.
|
| 336 |
|
|
|a text
|b txt
|2 rdacontent
|
| 337 |
|
|
|a computer
|b c
|2 rdamedia
|
| 338 |
|
|
|a online resource
|b cr
|2 rdacarrier
|
| 347 |
|
|
|a text file
|b PDF
|2 rda
|
| 490 |
1 |
|
|a Topics in Current Chemistry,
|x 0340-1022 ;
|v 192
|
| 505 |
0 |
|
|a Nucleophilic reactions of fluorinated alkenes -- Reactions of electrophiles with polyfluorinated olefins -- Fluorinated free radicals -- Telomerisation Reactions of fluorinated alkenes.
|
| 520 |
|
|
|a The excitement of the chemistry of organofluorine compounds stems from the unique reactions that arise and the "special effects" that introduction of fluorine impart on a molecule. Indeed, these effects are now exploited in a remarkable array of applications the whole of the chemical, pharmaceutical, and plant-protection industries. In this two-volume set, we have gathered authors with immense experience in various aspects of their fields and each is a world-authority on the important topics which they have described. The first volume treats the chemistry of fluorinated alkenes, which are important "building-blocks" for the synthesis of a range of fluorinated systems and are used widely in industry. The second volume is directed to techniques and synthons for obtaining fluorinated compounds.
|
| 650 |
|
0 |
|a Organic chemistry.
|
| 650 |
1 |
4 |
|a Organic Chemistry.
|0 http://scigraph.springernature.com/things/product-market-codes/C19007
|
| 700 |
1 |
|
|a Chambers, Richard D.
|e editor.
|4 edt
|4 http://id.loc.gov/vocabulary/relators/edt
|
| 710 |
2 |
|
|a SpringerLink (Online service)
|
| 773 |
0 |
|
|t Springer eBooks
|
| 776 |
0 |
8 |
|i Printed edition:
|z 9783642083204
|
| 776 |
0 |
8 |
|i Printed edition:
|z 9783540631712
|
| 776 |
0 |
8 |
|i Printed edition:
|z 9783662147917
|
| 830 |
|
0 |
|a Topics in Current Chemistry,
|x 0340-1022 ;
|v 192
|
| 856 |
4 |
0 |
|u https://doi.org/10.1007/BFb0119263
|z Full Text via HEAL-Link
|
| 912 |
|
|
|a ZDB-2-CMS
|
| 912 |
|
|
|a ZDB-2-BAE
|
| 950 |
|
|
|a Chemistry and Materials Science (Springer-11644)
|